[Event "Olimpiada Calviá 2004"]
[Site "Calviá ESP"]
[Date "2004.10.24"]
[Round "9.25"]
[White "Johansen, Darryl K"]
[Black "Ilinsky, Vladimir"]
[Result "1/2-1/2"]
[WhiteElo "2483"]
[BlackElo "2331"]
[PlyCount "88"]
[EventDate "2004.10.15"]
[EventType "team"]
[EventRounds "14"]
[EventCountry "ESP"]
[Source "lmi"]
[SourceDate "2004.10.27"]

1. c4 c5 2. Nf3 Nc6 3. d4 cxd4 4. Nxd4 g6 5. e4 Bg7 6. Nc2 Nf6 7. Nc3 O-O 8.
Be2 d6 9. O-O Nd7 10. Bd2 Nc5 11. b4 Bxc3 12. Bxc3 Nxe4 13. Bb2 Nf6 14. Qd2 Be6
15. Rad1 Qb6 16. Qc3 a5 17. b5 Nb4 18. Nd4 Nxa2 19. Qd2 Nb4 20. Qh6 Qc5 21. g4
Bd7 22. Nb3 Qc8 23. Rxd6 Ne8 24. Rxd7 Qxd7 25. Nc5 Qc8 26. Ne4 f6 27. Re1 e5
28. c5 Qe6 29. Rd1 Rf7 30. g5 Qb3 31. gxf6 Qc2 32. Qe3 Nxf6 33. Nxf6+ Rxf6 34.
Qxe5 Raf8 35. Rc1 Qf5 36. Bc4+ Kg7 37. Qxf5 gxf5 38. Ra1 Rc8 39. Rxa5 Rxc5 40.
Bf1 Kg6 41. Bxf6 Kxf6 42. Ra7 Rc7 43. b6 Rg7+ 44. Bg2 Nd5 1/2-1/2

[Event "Olimpiada Calviá 2004"]
[Site "Calviá ESP"]
[Date "2004.10.24"]
[Round "9.25"]
[White "Shukuraliev, Algis"]
[Black "Solomon, Stephen J"]
[Result "1-0"]
[WhiteElo "2248"]
[BlackElo "2435"]
[PlyCount "109"]
[EventDate "2004.10.15"]
[EventType "team"]
[EventRounds "14"]
[EventCountry "ESP"]
[Source "lmi"]
[SourceDate "2004.10.27"]

1. e4 e5 2. Nf3 Nf6 3. Nxe5 d6 4. Nf3 Nxe4 5. c4 Nc6 6. Nc3 Nxc3 7. dxc3 Bf5 8.
Nd4 Nxd4 9. Qxd4 Qe7+ 10. Be3 c5 11. Qd2 g6 12. Bd3 Bxd3 13. Qxd3 Bg7 14. O-O-O
O-O-O 15. h4 f5 16. g3 Rhe8 17. Rhe1 Bf6 18. Bd2 Qf7 19. Bf4 Rxe1 20. Rxe1 Kc7
21. Qd5 Qxd5 22. cxd5 b5 23. Re6 Bg7 24. Kc2 c4 25. Be3 Kd7 26. Bxa7 Ra8 27.
Be3 Rxa2 28. Bg5 Bf8 29. h5 h6 30. Bxh6 Bxh6 31. Rxg6 Bd2 32. h6 Bxh6 33. Rxh6
f4 34. g4 Ke7 35. Rh5 Ra1 36. Rf5 Rg1 37. Rxf4 Kd7 38. b3 cxb3+ 39. Kxb3 Kc7
40. c4 Kb6 41. f3 Kc5 42. cxb5 Kxb5 43. Kc3 Kc5 44. Rf5 Ra1 45. Kd3 Ra3+ 46.
Ke4 Ra4+ 47. Ke3 Ra3+ 48. Kf4 Ra1 49. Kg5 Kd4 50. Kf6 Ra8 51. Ke7 Kc5 52. g5
Ra7+ 53. Kf6 Ra8 54. g6 Rf8+ 55. Ke6 1-0

[Event "Olimpiada Calviá 2004"]
[Site "Calviá ESP"]
[Date "2004.10.24"]
[Round "9.25"]
[White "Zhao, Zong-Yuan"]
[Black "Turpanov, Milan"]
[Result "1-0"]
[WhiteElo "2410"]
[BlackElo "2307"]
[PlyCount "57"]
[EventDate "2004.10.15"]
[EventType "team"]
[EventRounds "14"]
[EventCountry "ESP"]
[Source "lmi"]
[SourceDate "2004.10.27"]

1. d4 d5 2. c4 c6 3. Nf3 Nf6 4. Nc3 a6 5. cxd5 cxd5 6. Bf4 Nc6 7. Rc1 Bf5 8.
Ne5 e6 9. Nxc6 bxc6 10. e3 Qb6 11. Bd3 Qxb2 12. Bxf5 exf5 13. O-O Be7 14. Na4
Qb7 15. Rb1 Qa7 16. Nb6 Rd8 17. Qa4 O-O 18. Qxc6 Rfe8 19. Bc7 Rc8 20. Nxc8 Rxc8
21. Rb7 Qa8 22. Qb6 Nd7 23. Qa7 Nf8 24. Qxa8 Rxa8 25. Rfb1 f6 26. Rb8 Rxb8 27.
Rxb8 Kf7 28. Ra8 Ne6 29. Bb6 1-0

[Event "Olimpiada Calviá 2004"]
[Site "Calviá ESP"]
[Date "2004.10.24"]
[Round "9.26"]
[White "Dao, Thien Hai"]
[Black "Cekro, Ekrem"]
[Result "1-0"]
[WhiteElo "2601"]
[BlackElo "2433"]
[PlyCount "79"]
[EventDate "2004.10.15"]
[EventType "team"]
[EventRounds "14"]
[EventCountry "ESP"]
[Source "lmi"]
[SourceDate "2004.10.27"]

1. d4 Nf6 2. c4 e6 3. Nc3 Bb4 4. Qc2 b6 5. e4 c5 6. d5 exd5 7. exd5 O-O 8. Bd3
b5 9. cxb5 a6 10. Nge2 axb5 11. Bxb5 Nxd5 12. O-O Nxc3 13. bxc3 Ba3 14. Rd1
Bxc1 15. Raxc1 Qf6 16. a4 Nc6 17. Rd5 Ne7 18. Rxc5 d6 19. Rc4 Bf5 20. Qd2 d5
21. Rd4 Rfc8 22. Re1 Be6 23. Rd3 Bf5 24. Re3 Be4 25. f3 Bf5 26. Nd4 Ng6 27. Rd1
Nf4 28. g3 Ne6 29. Nxf5 Qxf5 30. Qxd5 Qf6 31. Qe4 Ng5 32. Qd5 Rd8 33. Qxd8+
Rxd8 34. Rxd8+ Qxd8 35. Re8+ Qxe8 36. Bxe8 Nxf3+ 37. Kg2 Ne1+ 38. Kf1 Nd3 39.
a5 Nc5 40. Bb5 1-0

[Event "Olimpiada Calviá 2004"]
[Site "Calviá ESP"]
[Date "2004.10.24"]
[Round "9.26"]
[White "Tu, Hoang Thong"]
[Black "Abolianin, Arthur"]
[Result "1-0"]
[WhiteElo "2499"]
[BlackElo "2412"]
[PlyCount "109"]
[EventDate "2004.10.15"]
[EventType "team"]
[EventRounds "14"]
[EventCountry "ESP"]
[Source "lmi"]
[SourceDate "2004.10.27"]

1. d4 g6 2. Nf3 Bg7 3. g3 c5 4. c4 cxd4 5. Nxd4 Nc6 6. Nc2 Qa5+ 7. Qd2 Qxd2+ 8.
Nxd2 d6 9. Bg2 Nf6 10. O-O O-O 11. Rd1 Be6 12. Ne3 a5 13. Rb1 Rfc8 14. b3 Rc7
15. Bb2 Nd7 16. Bxg7 Kxg7 17. Ne4 Nb4 18. Nc3 Nb6 19. a3 Na6 20. Nb5 Rd7 21.
Nd4 Rc8 22. Nxe6+ fxe6 23. Bh3 Nc7 24. b4 Na4 25. Rd3 Ra8 26. Nd5 exd5 27. Bxd7
dxc4 28. Re3 Nd5 29. Bxa4 axb4 30. Bb5 Nxe3 31. fxe3 bxa3 32. Bxc4 Kf8 33. Kf2
Ke8 34. Bd5 Ra5 35. Bxb7 Kd7 36. Bf3 d5 37. Ke1 Kd6 38. Kd2 a2 39. Ra1 Ke5 40.
Kc2 Ra3 41. Kb2 Rxe3 42. Rxa2 d4 43. Ra5+ Kf6 44. Ra3 Re6 45. Kc2 Rb6 46. Kd3
e5 47. Ke4 h5 48. Ra5 Rb3 49. Ra6+ Kg7 50. Kxe5 d3 51. exd3 Rxd3 52. Rxg6+ Kxg6
53. Be4+ Kg5 54. Bxd3 h4 55. Be2 1-0

[Event "Olimpiada Calviá 2004"]
[Site "Calviá ESP"]
[Date "2004.10.24"]
[Round "9.26"]
[White "Laurent, Bruno"]
[Black "Nguyen, Van Huy"]
[Result "1-0"]
[WhiteElo "2335"]
[BlackElo "2325"]
[PlyCount "67"]
[EventDate "2004.10.15"]
[EventType "team"]
[EventRounds "14"]
[EventCountry "ESP"]
[Source "lmi"]
[SourceDate "2004.10.27"]

1. d4 Nf6 2. c4 g6 3. Nc3 Bg7 4. e4 d6 5. Be2 O-O 6. Nf3 e5 7. Be3 Ng4 8. Bg5
f6 9. Bc1 Nc6 10. d5 Ne7 11. h3 Nh6 12. h4 Nf7 13. h5 f5 14. g3 c6 15. Ng5 Nxg5
16. Bxg5 Bf6 17. Bh6 Rf7 18. Qd2 cxd5 19. cxd5 Bd7 20. Bg5 Nc8 21. Be3 Ne7 22.
O-O-O a6 23. hxg6 hxg6 24. f4 b5 25. fxe5 Bxe5 26. Bd4 Bxd4 27. Qxd4 Rg7 28. e5
Nc8 29. e6 Be8 30. Qf4 Raa7 31. g4 g5 32. Qd4 Bg6 33. Bd3 b4 34. Bxf5 1-0

[Event "Olimpiada Calviá 2004"]
[Site "Calviá ESP"]
[Date "2004.10.24"]
[Round "9.27"]
[White "Ramirez, Alejandro"]
[Black "Campora, Daniel H"]
[Result "0-1"]
[WhiteElo "2519"]
[BlackElo "2549"]
[PlyCount "66"]
[EventDate "2004.10.15"]
[EventType "team"]
[EventRounds "14"]
[EventCountry "ESP"]
[Source "lmi"]
[SourceDate "2004.10.27"]

1. Nf3 Nf6 2. c4 d6 3. d4 c6 4. Nc3 Bg4 5. Bg5 Nbd7 6. e3 h6 7. Bh4 g5 8. Bg3
Nh5 9. Qc2 Bxf3 10. gxf3 Bg7 11. Bh3 Ndf6 12. O-O-O e6 13. Kb1 Qe7 14. Ne4 Nxg3
15. hxg3 O-O-O 16. Qa4 Kb8 17. Rd3 c5 18. Nc3 h5 19. Rhd1 a6 20. d5 h4 21. gxh4
Rxh4 22. Bf1 Rh2 23. dxe6 fxe6 24. R3d2 g4 25. f4 d5 26. cxd5 exd5 27. Qb3 Rd6
28. Qc2 d4 29. e4 Rc6 30. e5 dxc3 31. Rd8+ Ka7 32. exf6 Qxf6 33. b3 Rxf2 0-1

[Event "Olimpiada Calviá 2004"]
[Site "Calviá ESP"]
[Date "2004.10.24"]
[Round "9.27"]
[White "Sorin, Ariel"]
[Black "Gonzalez, Bernal"]
[Result "1/2-1/2"]
[WhiteElo "2509"]
[BlackElo "2423"]
[PlyCount "89"]
[EventDate "2004.10.15"]
[EventType "team"]
[EventRounds "14"]
[EventCountry "ESP"]
[Source "lmi"]
[SourceDate "2004.10.27"]

1. d4 d5 2. c4 c6 3. cxd5 cxd5 4. Nc3 Nc6 5. Bf4 Nf6 6. e3 Bf5 7. Nf3 e6 8. Bb5
Nd7 9. O-O Be7 10. Rc1 O-O 11. Bxc6 bxc6 12. Na4 Rc8 13. Ne5 Nxe5 14. Bxe5 Qa5
15. a3 Qb5 16. f3 f6 17. Bg3 c5 18. dxc5 Bxc5 19. Nxc5 Rxc5 20. Bd6 Rxc1 21.
Qxc1 Rd8 22. Be7 Re8 23. Bc5 a6 24. b4 e5 25. Rd1 Be6 26. Qc2 Rc8 27. Kf2 Bf7
28. Rd2 Qc6 29. Qb3 Rb8 30. Qc3 Re8 31. Rc2 Rc8 32. Bd4 Qxc3 33. Rxc3 Rxc3 34.
Bxc3 Be8 35. f4 exf4 36. exf4 Kf7 37. Ke3 Ke6 38. g4 g6 39. Kd4 Kd6 40. g5 fxg5
41. fxg5 Ba4 42. Bd2 Bd1 43. Bf4+ Kc6 44. Bc1 Bf3 45. Be3 1/2-1/2

[Event "Olimpiada Calviá 2004"]
[Site "Calviá ESP"]
[Date "2004.10.24"]
[Round "9.27"]
[White "Pierrot, Facundo"]
[Black "Hernandez Basante, Francisco"]
[Result "1/2-1/2"]
[WhiteElo "2436"]
[BlackElo "2283"]
[PlyCount "160"]
[EventDate "2004.10.15"]
[EventType "team"]
[EventRounds "14"]
[EventCountry "ESP"]
[Source "lmi"]
[SourceDate "2004.10.27"]

1. e4 c5 2. Nf3 Nc6 3. d4 cxd4 4. Nxd4 e5 5. Nb5 d6 6. c4 Be7 7. N1c3 a6 8. Na3
f5 9. exf5 Bxf5 10. Bd3 Be6 11. O-O Nf6 12. Nc2 O-O 13. Bg5 Ng4 14. Bd2 Nf6 15.
Qe2 Qd7 16. Rad1 Bf5 17. Bxf5 Qxf5 18. Ne3 Qe6 19. Ned5 Nd4 20. Qd3 Rac8 21.
Be3 Nxd5 22. Nxd5 Nf5 23. b3 Rf7 24. Qe4 Bf8 25. a4 g6 26. Rd3 Bg7 27. Rfd1 Re8
28. Bb6 Qc8 29. h3 Nd4 30. Qg4 Qxg4 31. hxg4 Ne6 32. Nc3 Nd4 33. Ne4 Rd7 34. f3
d5 35. cxd5 Rxd5 36. Kf2 Rc8 37. g5 Rc2+ 38. R1d2 Rc6 39. Bxd4 exd4 40. f4 b5
41. axb5 Rxb5 42. Ra2 Kf7 43. Re2 a5 44. g4 Rcb6 45. Nd2 Rc6 46. Rh3 Rc2 47.
Nc4 Rxe2+ 48. Kxe2 Rc5 49. Kd3 Kg8 50. Rf3 Rb5 51. Ke4 a4 52. bxa4 Rb4 53. Kd5
Rxa4 54. Ra3 Rxa3 55. Nxa3 d3 56. Nb1 h6 57. gxh6 Bxh6 58. Ke4 Bf8 59. Kxd3 Kf7
60. Nd2 Ke6 61. Ke4 Bb4 62. Nf3 Bc3 63. Ne5 Kf6 64. Nc4 Ke6 65. g5 Kf7 66. Kd5
Bb4 67. Ke5 Bc3+ 68. Kd6 Bb4+ 69. Kd7 Be1 70. Ne5+ Kg7 71. Nd3 Bd2 72. Ke7 Be3
73. Ke8 Kg8 74. Ke7 Kg7 75. Ke6 Bd2 76. Ke5 Kf7 77. Nc5 Bc1 78. Ne4 Bb2+ 79.
Kd5 Bc1 80. Ke5 Bb2+ 1/2-1/2

[Event "Olimpiada Calviá 2004"]
[Site "Calviá ESP"]
[Date "2004.10.24"]
[Round "9.28"]
[White "Baburin, Alexander"]
[Black "Agdestein, Simen"]
[Result "1/2-1/2"]
[WhiteElo "2527"]
[BlackElo "2589"]
[PlyCount "173"]
[EventDate "2004.10.15"]
[EventType "team"]
[EventRounds "14"]
[EventCountry "ESP"]
[Source "lmi"]
[SourceDate "2004.10.27"]

1. d4 d5 2. c4 c6 3. Nf3 Nf6 4. e3 a6 5. Bd3 b5 6. cxd5 cxd5 7. a4 b4 8. Nbd2
e6 9. O-O Bb7 10. a5 Bd6 11. Nb3 Nbd7 12. Bd2 Qe7 13. Qe2 O-O 14. Rfc1 g6 15.
Be1 Rfc8 16. Rxc8+ Bxc8 17. Rc1 Bb7 18. Rc2 e5 19. dxe5 Nxe5 20. Nxe5 Qxe5 21.
f4 Qe7 22. Bh4 Re8 23. Rc1 Kg7 24. Re1 Ra8 25. Qf2 Bb8 26. f5 Be5 27. Nd4 Qd6
28. h3 Ne4 29. Bxe4 dxe4 30. Rf1 f6 31. Ne6+ Kh8 32. Qe2 gxf5 33. Nf4 Rg8 34.
Qh5 Bc8 35. Kh1 Bxb2 36. Rd1 Qc7 37. Nd5 Qg7 38. Qe2 Be5 39. Nxb4 f4 40. exf4
Bxf4 41. Bxf6 Qxf6 42. Nd5 Qe5 43. Nxf4 Rf8 44. Nd5 Rd8 45. Ne3 Rxd1+ 46. Qxd1
Qxa5 47. Qd4+ Kg8 48. Qc4+ Kg7 49. Qxe4 Qa1+ 50. Kh2 Qf6 51. Nd5 Qd6+ 52. Kh1
Bb7 53. Qg4+ Kf7 54. Qf5+ Kg7 55. Nf4 Qd1+ 56. Kh2 Qd6 57. Kg3 Bc6 58. h4 Be8
59. Qg5+ Kf8 60. h5 h6 61. Qf5+ Ke7 62. Qe4+ Kd8 63. Kf2 Bc6 64. Qf5 Kc7 65.
Qf7+ Kb6 66. Qb3+ Ka7 67. Qe3+ Ka8 68. Ne6 Bd5 69. Nc5 Qf6+ 70. Kg1 Qc6 71. g4
a5 72. Qd4 Qd6 73. Ne4 Qe6 74. Nc3 Qe1+ 75. Kh2 Qh4+ 76. Kg1 Qe1+ 77. Kh2 Qh4+
78. Kg1 Qg3+ 79. Kf1 Bg2+ 80. Ke2 Bf3+ 81. Kd2 Qxg4 82. Qd8+ Kb7 83. Qxa5 Qxh5
84. Qxh5 Bxh5 85. Ke3 Kc6 86. Ne4 Bg6 87. Kf4 1/2-1/2

[Event "Olimpiada Calviá 2004"]
[Site "Calviá ESP"]
[Date "2004.10.24"]
[Round "9.28"]
[White "Ostenstad, Berge"]
[Black "Collins, Sam E"]
[Result "1/2-1/2"]
[WhiteElo "2506"]
[BlackElo "2387"]
[PlyCount "66"]
[EventDate "2004.10.15"]
[EventType "team"]
[EventRounds "14"]
[EventCountry "ESP"]
[Source "lmi"]
[SourceDate "2004.10.27"]

1. c4 e6 2. Nf3 d5 3. g3 Nf6 4. b3 Be7 5. Bg2 O-O 6. O-O c5 7. Bb2 Nc6 8. cxd5
Nxd5 9. Nc3 Bf6 10. Rc1 b6 11. Qc2 Nxc3 12. Bxc3 Bb7 13. a3 Rc8 14. Qb2 Bxc3
15. Rxc3 Qf6 16. d3 Nd4 17. Nxd4 Bxg2 18. Kxg2 Qxd4 19. Qc2 a5 20. Kg1 f5 21.
e3 Qd7 22. Rc1 Rcd8 23. Qb2 Qb5 24. Rd1 Rd5 25. Qc2 Rfd8 26. Rc4 Qd7 27. b4
Rxd3 28. Rxd3 Qxd3 29. bxa5 bxa5 30. Qxd3 Rxd3 31. Ra4 c4 32. Rxa5 c3 33. Rc5
Kf7 1/2-1/2

[Event "Olimpiada Calviá 2004"]
[Site "Calviá ESP"]
[Date "2004.10.24"]
[Round "9.28"]
[White "Wall, Gavin"]
[Black "Lie, Kjetil A"]
[Result "0-1"]
[WhiteElo "2425"]
[BlackElo "2316"]
[PlyCount "200"]
[EventDate "2004.10.15"]
[EventType "team"]
[EventRounds "14"]
[EventCountry "ESP"]
[Source "lmi"]
[SourceDate "2004.10.27"]

1. e4 c5 2. Nf3 g6 3. c3 Bg7 4. d4 cxd4 5. cxd4 d5 6. e5 Bg4 7. Nc3 Nc6 8. Bb5
Nh6 9. h3 Bxf3 10. Qxf3 Nf5 11. Be3 O-O 12. Rd1 e6 13. O-O f6 14. exf6 Qxf6 15.
Bxc6 bxc6 16. Rfe1 Rab8 17. b3 Rb4 18. Ne2 Qe7 19. Qg4 Qf7 20. Bd2 Rb7 21. Bf4
c5 22. dxc5 Rb4 23. Qf3 e5 24. Bd2 e4 25. Qf4 Bh6 26. Qe5 e3 27. Bxb4 exf2+ 28.
Kh1 fxe1=Q+ 29. Rxe1 Re8 30. Qh2 Re4 31. Qb8+ Re8 32. Qh2 d4 33. Ng1 Ne3 34.
Qg3 Qd5 35. Nf3 Rf8 36. Qd6 Qxd6 37. cxd6 Nc2 38. d7 Nxb4 39. Re8 Nc6 40. Nxd4
Nd8 41. g3 Kf7 42. Re2 a6 43. Kg2 Bg7 44. Nf3 Ne6 45. Re4 Bf6 46. Ra4 Ra8 47.
Rc4 Ra7 48. Rc6 Ke7 49. Ne5 Nd8 50. Rc5 Bxe5 51. Rxe5+ Kxd7 52. h4 Ne6 53. h5
Kd6 54. Ra5 gxh5 55. Rxh5 Rc7 56. a4 Rc2+ 57. Kh3 Rc3 58. Ra5 Nc7 59. b4 Ra3
60. Kh4 Kc6 61. Rc5+ Kb7 62. a5 Rb3 63. Rh5 Rxb4+ 64. g4 Kc6 65. Rxh7 Nd5 66.
Rh6+ Kb5 67. Kh5 Nf4+ 68. Kg5 Kxa5 69. Kf5 Ne2 70. g5 Ng3+ 71. Ke6 Rb6+ 72. Kf7
Rb7+ 73. Ke6 Rb6+ 74. Kf7 Ne4 75. g6 Ng5+ 76. Ke7 Rb7+ 77. Kf6 Ne4+ 78. Ke5
Re7+ 79. Kf5 Nd6+ 80. Kf6 Re1 81. Rh5+ Kb6 82. Rd5 Ne4+ 83. Kf5 Ng3+ 84. Kf6
Ne4+ 85. Kf5 Ng3+ 86. Kf6 Rf1+ 87. Ke6 Ne4 88. g7 Rg1 89. Kf7 Ng5+ 90. Kf6 Ne4+
91. Kf7 Rf1+ 92. Ke7 Rg1 93. Kf7 Kc6 94. Rd8 Nd6+ 95. Kf6 Rf1+ 96. Kg6 Nf5 97.
g8=N a5 98. Ra8 Kb5 99. Nf6 Ne7+ 100. Kg5 Rf5+ 0-1

[Event "Olimpiada Calviá 2004"]
[Site "Calviá ESP"]
[Date "2004.10.24"]
[Round "9.28"]
[White "Elsness, Frode"]
[Black "Ryan, Joseph"]
[Result "1-0"]
[WhiteElo "2425"]
[BlackElo "2316"]
[PlyCount "139"]
[EventDate "2004.10.15"]
[EventType "team"]
[EventRounds "14"]
[EventCountry "ESP"]
[Source "lmi"]
[SourceDate "2004.10.27"]

1. d4 e6 2. c4 d5 3. Nc3 Be7 4. cxd5 exd5 5. Bf4 c6 6. e3 Bd6 7. Bxd6 Qxd6 8.
Bd3 Nf6 9. Qc2 O-O 10. Nf3 Nbd7 11. O-O Re8 12. Rab1 Nf8 13. b4 Ng6 14. Na4 Bg4
15. Nd2 Nh4 16. Rfe1 Re7 17. Qc5 Qd7 18. f3 Bf5 19. Qc3 Rae8 20. Nf1 Bh3 21.
Re2 Bxg2 22. Rxg2 Nxf3+ 23. Kh1 Nh4 24. Nc5 Qc8 25. Rg3 h6 26. Nb3 Nf5 27. Rf3
Nh4 28. Rxf6 gxf6 29. Qe1 Ng6 30. Qf2 Qh3 31. Qxf6 Re6 32. Qf2 Qh4 33. Qg3 Qxg3
34. hxg3 Ne7 35. Kg2 Kg7 36. Nbd2 b6 37. Nf3 f6 38. Rb3 Rf8 39. Kf2 Re8 40. Rc3
Rc8 41. Nh4 Rc7 42. Nd2 Rd6 43. Bf5 Kf8 44. Bh3 Ke8 45. Nb3 Kd8 46. Rc1 f5 47.
Nf3 Rf6 48. Ne5 Ng6 49. Nd3 h5 50. Nd2 h4 51. Nf3 hxg3+ 52. Kxg3 Ke7 53. Nfe5
Nxe5 54. Nxe5 Kd6 55. Kf4 Rc8 56. Bxf5 Rc7 57. Kg5 Rf8 58. Ng6 Re8 59. Kf4 c5
60. bxc5+ bxc5 61. dxc5+ Rxc5 62. Rd1 Kc7 63. Rd3 Rb8 64. Kf3 Rb2 65. Nf4 Rxa2
66. Ne6+ Kd6 67. Nxc5 Kxc5 68. Be6 a5 69. Rxd5+ Kc6 70. Rd6+ 1-0

[Event "Olimpiada Calviá 2004"]
[Site "Calviá ESP"]
[Date "2004.10.24"]
[Round "9.30"]
[White "Megaranto, Susanto"]
[Black "Dive, Russell John"]
[Result "1-0"]
[WhiteElo "2439"]
[BlackElo "2334"]
[PlyCount "217"]
[EventDate "2004.10.15"]
[EventType "team"]
[EventRounds "14"]
[EventCountry "ESP"]
[Source "lmi"]
[SourceDate "2004.10.27"]

1. e4 Nf6 2. e5 Nd5 3. d4 d6 4. Nf3 Nc6 5. Be2 Nb6 6. exd6 exd6 7. O-O Be7 8.
c4 O-O 9. Nc3 Bg4 10. b3 Bf6 11. Be3 Re8 12. Rc1 d5 13. c5 Nc8 14. h3 Bf5 15.
b4 a6 16. Qa4 Ra7 17. Rfd1 h6 18. Ne5 N8e7 19. f4 g5 20. Bf3 gxf4 21. Bxf4 Bg5
22. Bxg5 hxg5 23. Nxc6 bxc6 24. Re1 Qd7 25. Re5 Ng6 26. Nxd5 Kg7 27. Rxe8 Qxe8
28. Kf2 Qd7 29. Ne3 Qxd4 30. Rd1 Qb2+ 31. Kg1 Be6 32. Qxc6 Qxb4 33. Nc2 Qc3 34.
Nd4 Qe3+ 35. Kh1 Nf4 36. Qe8 Qe5 37. Nc6 Qxc5 38. Qb8 Nxh3 39. Qb2+ f6 40. gxh3
Ra8 41. Nd4 Re8 42. Re1 Qc4 43. Bg2 Bf7 44. Nf5+ Kg6 45. Rxe8 Bxe8 46. Qb1 Kf7
47. Qe1 Qc5 48. Qe4 Bd7 49. Ne3 Kg7 50. a4 a5 51. Qd3 Qd6 52. Qc4 Qe5 53. Qd3
Qd6 54. Qe4 Qe5 55. Qxe5 fxe5 56. Nc4 Bxa4 57. Nxa5 Bb5 58. Kh2 Kf6 59. Kg3 Kf5
60. Nb3 Bd3 61. Nc5 e4 62. Kf2 Ke5 63. Ke3 c6 64. Nb3 Kd5 65. Nd2 Ke5 66. Bxe4
Bb5 67. Bf3 Kf5 68. Ne4 Kg6 69. Bg4 Bc4 70. Kd4 Bd5 71. Nc5 Kf6 72. Nd7+ Kg6
73. Ke5 Bg2 74. Ke6 Bd5+ 75. Ke7 Kg7 76. Ne5 Bg2 77. Ke6 Bd5+ 78. Kf5 Kh6 79.
Be2 c5 80. Ng4+ Kg7 81. Kxg5 c4 82. h4 c3 83. Bd3 Bc4 84. Bc2 Be2 85. Ne3 Bf3
86. Nf5+ Kh8 87. Nd6 Bd5 88. Nb5 Kg7 89. Nxc3 Bc6 90. Ne2 Bf3 91. Nf4 Bc6 92.
h5 Be8 93. Bg6 Bb5 94. h6+ Kh8 95. Kf6 Bc4 96. Nh3 Bb3 97. Ng5 Bc4 98. Nf3 Bb3
99. Ne5 Bd5 100. Bd3 Bb3 101. Bb1 Bg8 102. Ke7 Bb3 103. Kf8 Bd5 104. Bg6 Bb3
105. Bf7 Bd1 106. Bg8 Bh5 107. h7 Be8 108. Kxe8 Kg7 109. Ng6 1-0

[Event "Olimpiada Calviá 2004"]
[Site "Calviá ESP"]
[Date "2004.10.24"]
[Round "9.30"]
[White "Smith, Robert W"]
[Black "Liu, Dede"]
[Result "1/2-1/2"]
[WhiteElo "2251"]
[BlackElo "2397"]
[PlyCount "107"]
[EventDate "2004.10.15"]
[EventType "team"]
[EventRounds "14"]
[EventCountry "ESP"]
[Source "lmi"]
[SourceDate "2004.10.27"]

1. d4 d5 2. c4 dxc4 3. e3 Nf6 4. Bxc4 e6 5. Nf3 a6 6. O-O b5 7. Bd3 Bb7 8. a4
b4 9. Qe2 Nbd7 10. Nbd2 c5 11. a5 Be7 12. Nc4 O-O 13. Rd1 Qb8 14. Nfe5 Qa7 15.
Bd2 Rad8 16. Rac1 g6 17. Bb1 Qa8 18. f3 Qa7 19. Kh1 Rfe8 20. Be1 cxd4 21. exd4
Nd5 22. Nxd7 Rxd7 23. Ne5 Rdd8 24. Nc6 Bxc6 25. Rxc6 Rd6 26. Rc4 Qb7 27. Bg3
Rd7 28. Bd3 Ra8 29. Qe4 Rad8 30. Rdc1 Bg5 31. Rc7 Bxc1 32. Rxb7 Rxb7 33. Qh4
Ra8 34. Be5 Rd7 35. b3 Rc8 36. Be4 h6 37. f4 Be3 38. g3 Nxf4 39. gxf4 Bxd4 40.
Qxh6 Rc1+ 41. Kg2 Bxe5 42. fxe5 Rc5 43. Qf4 Rd1 44. h4 Rc3 45. h5 gxh5 46. Qh6
Rd7 47. Bh7+ Kh8 48. Bg6+ Kg8 49. Qh7+ Kf8 50. Qh8+ Ke7 51. Qf6+ Kf8 52. Qh8+
Ke7 53. Qf6+ Kf8 54. Qh8+ 1/2-1/2

[Event "Olimpiada Calviá 2004"]
[Site "Calviá ESP"]
[Date "2004.10.24"]
[Round "9.30"]
[White "Purnama, Tirta Chandra"]
[Black "Wang, Puchen"]
[Result "1/2-1/2"]
[WhiteElo "2286"]
[BlackElo "2236"]
[PlyCount "54"]
[EventDate "2004.10.15"]
[EventType "team"]
[EventRounds "14"]
[EventCountry "ESP"]
[Source "lmi"]
[SourceDate "2004.10.27"]

1. d4 Nf6 2. c4 c5 3. d5 b5 4. cxb5 a6 5. e3 axb5 6. Bxb5 Qa5+ 7. Nc3 Bb7 8.
Bd2 Qb6 9. Bc4 e6 10. e4 Nxe4 11. Nf3 Nxd2 12. Qxd2 Be7 13. O-O O-O 14. Rfe1
Bf6 15. Qd3 Na6 16. a3 Nc7 17. Rab1 Ba6 18. Ne5 Qd6 19. f4 Bxc4 20. Qxc4 exd5
21. Rbd1 Bxe5 22. fxe5 Qb6 23. Nxd5 Nxd5 24. Rxd5 Qxb2 25. Rxd7 Qxa3 26. Rf1
Qb4 27. Qd5 Qd4+ 1/2-1/2

[Event "Olimpiada Calviá 2004"]
[Site "Calviá ESP"]
[Date "2004.10.24"]
[Round "9.30"]
[White "Green, Peter"]
[Black "Halay, Taufik"]
[Result "1/2-1/2"]
[WhiteElo "2268"]
[BlackElo "2264"]
[PlyCount "100"]
[EventDate "2004.10.15"]
[EventType "team"]
[EventRounds "14"]
[EventCountry "ESP"]
[Source "lmi"]
[SourceDate "2004.10.27"]

1. d4 Nf6 2. Nf3 c5 3. c4 g6 4. Nc3 cxd4 5. Nxd4 Nc6 6. e4 Bg7 7. Be3 O-O 8.
Be2 d6 9. O-O Nxd4 10. Bxd4 Be6 11. Qd2 Qa5 12. Rfd1 Rfd8 13. f3 Rac8 14. b3
Nh5 15. Bxg7 Kxg7 16. Nb5 Qxd2 17. Rxd2 a6 18. Nd4 Bd7 19. g3 Nf6 20. Kf2 Rc7
21. Bf1 Rdc8 22. Re1 Kf8 23. h3 Ne8 24. f4 Ng7 25. e5 dxe5 26. Rxe5 Nf5 27.
Nxf5 Bxf5 28. g4 Bd7 29. g5 Ke8 30. h4 Rc5 31. Ke3 e6 32. b4 R5c7 33. Re4 Ke7
34. c5 h6 35. Red4 hxg5 36. hxg5 Bc6 37. Bg2 Bxg2 38. Rxg2 Rh8 39. Ke4 Rh3 40.
Rgd2 Ra3 41. Rc4 Rd7 42. Rxd7+ Kxd7 43. Ke5 Rxa2 44. Kf6 Ke8 45. c6 bxc6 46.
Rxc6 Rf2 47. Rc8+ Kd7 48. Rc4 Ke8 49. Rc8+ Kd7 50. Rc4 Ke8 1/2-1/2

[Event "Olimpiada Calviá 2004"]
[Site "Calviá ESP"]
[Date "2004.10.24"]
[Round "9.31"]
[White "Rozentalis, Eduardas"]
[Black "Volkmann, Friedrich"]
[Result "1/2-1/2"]
[WhiteElo "2595"]
[BlackElo "2454"]
[PlyCount "62"]
[EventDate "2004.10.15"]
[EventType "team"]
[EventRounds "14"]
[EventCountry "ESP"]
[Source "lmi"]
[SourceDate "2004.10.27"]

1. e4 e5 2. Nf3 Nf6 3. Nc3 Nc6 4. g3 Bc5 5. Bg2 d6 6. d3 a6 7. O-O Be6 8. Be3
Bxe3 9. fxe3 Ne7 10. Nh4 c6 11. d4 Qd7 12. Qd2 O-O 13. Rad1 Bg4 14. Rde1 Ne8
15. Rf2 g6 16. Ref1 Kg7 17. Nf3 Rd8 18. Ng5 f6 19. h3 h6 20. hxg4 hxg5 21. dxe5
Qxg4 22. exf6+ Nxf6 23. Ne2 Nxe4 24. Qd4+ Nf6 25. Bh3 Qe4 26. Qb6 c5 27. Rxf6
Qxe3+ 28. Kh1 Rxf6 29. Qxd8 Qe4+ 30. Kg1 Qe3+ 31. Kh1 Qe4+ 1/2-1/2

[Event "Olimpiada Calviá 2004"]
[Site "Calviá ESP"]
[Date "2004.10.24"]
[Round "9.31"]
[White "Neubauer, Martin"]
[Black "Sulskis, Sarunas"]
[Result "1/2-1/2"]
[WhiteElo "2440"]
[BlackElo "2555"]
[PlyCount "55"]
[EventDate "2004.10.15"]
[EventType "team"]
[EventRounds "14"]
[EventCountry "ESP"]
[Source "lmi"]
[SourceDate "2004.10.27"]

1. e4 c5 2. Nf3 e6 3. c3 d5 4. exd5 exd5 5. d4 a6 6. g3 Nf6 7. Bg2 h6 8. O-O
Bd6 9. Re1+ Be6 10. dxc5 Bxc5 11. Be3 Bxe3 12. Rxe3 O-O 13. Nbd2 Qc8 14. Nd4
Bh3 15. Qc2 Nc6 16. N2b3 Qd7 17. Rae1 Rae8 18. Rxe8 Rxe8 19. Rxe8+ Nxe8 20.
Nxc6 Bxg2 21. Kxg2 Qxc6 22. Nd4 Qc4 23. Qf5 Nf6 24. Qe5 Qc8 25. Nf5 Qe6 26.
Ne7+ Kh7 27. Qxe6 fxe6 28. f4 1/2-1/2

[Event "Olimpiada Calviá 2004"]
[Site "Calviá ESP"]
[Date "2004.10.24"]
[Round "9.31"]
[White "Kveinys, Aloyzas"]
[Black "Pilaj, Herwig"]
[Result "1-0"]
[WhiteElo "2531"]
[BlackElo "2431"]
[PlyCount "49"]
[EventDate "2004.10.15"]
[EventType "team"]
[EventRounds "14"]
[EventCountry "ESP"]
[Source "lmi"]
[SourceDate "2004.10.27"]

1. e4 c5 2. Nf3 e6 3. Nc3 a6 4. d4 cxd4 5. Nxd4 Qc7 6. Be2 Nf6 7. O-O Nc6 8.
Be3 Be7 9. f4 d6 10. Qe1 O-O 11. Qg3 Nxd4 12. Bxd4 b5 13. a3 Bb7 14. Bf3 Rfd8
15. Rae1 Rd7 16. Kh1 Qd8 17. Rd1 Qf8 18. Bxf6 Bxf6 19. e5 Bxf3 20. Qxf3 Be7 21.
f5 exf5 22. Qxf5 Rda7 23. e6 Bf6 24. Ne4 Bxb2 25. Ng5 1-0